| 000 | 00517nam a22001457a 4500 | ||
|---|---|---|---|
| 082 | _a620.005 | ||
| 100 | _aKhan, Abdul Salam | ||
| 245 |
_aTo Study the Effect of Strategic Risk Management on Supply Chain of Tile Industry of Pakistan / _cAbdul Salam Khan. |
||
| 260 |
_aIslamabad; _bCEME - NUST, _c2014. |
||
| 300 |
_a82 p. : _bill. ; _c30cm. |
||
| 650 |
_aEngineering Management MS-Thesis. _916065 |
||
| 700 |
_aDr. Mohsin Tiwana _932910 |
||
| 942 |
_2ddc _cTHE |
||
| 999 |
_c536965 _d536965 |
||